| 000 | 00982nam a22001937a 4500 | ||
|---|---|---|---|
| 003 | JO-AjAnu | ||
| 005 | 20240406102704.0 | ||
| 008 | 240402b jo ||||| |||| 00| 0 ara d | ||
| 040 |
_aJO-AjAnu _cJO-AjAnu |
||
| 041 | 0 | _aara | |
| 050 |
_aHG4235.25 _b2023 |
||
| 100 | 1 |
_aالروسان، ابراهيم زامل _965217 _eمعد |
|
| 245 | 0 |
_aتاثير جائحة كورونا على الاداء المالي للشركات الصناعية الاردنية المدرجة في بورصة عمان = The Effect of the Corona Pandemic on the Financial Performance of Jordanian Industrial Companies Listed in Amman Stock Exhange / _cاعداد ابراهيم زامل الروسان ؛ إشراف علي عبدالله الزعبي |
|
| 260 | _c2022 | ||
| 300 | _a95ورقة | ||
| 650 | 7 | 0 |
_aالشركات الصناعية - محاسبة - الاردن - جائحة كورونا _965257 |
| 700 | 1 |
_aالزعبي، علي عبدالله _965219 _eمشرف |
|
| 942 |
_2lcc _cTHS _n0 |
||
| 999 |
_c33403 _d33403 |
||